MARC

LEADER 00000nam0a2200000 4500
001 306606
005 20231102001918.0
020 |a RU  |b 83-62185 
035 |a (RuTPU)RU\TPU\book\331883 
090 |a 306606 
100 |a 20151009d1983 km y0rusy5003 ca 
101 0 |a rus 
102 |a RU 
105 |a y z 000zd 
200 1 |a Святые без нимбов  |f А. Белов 
210 |a Москва  |c Советская Россия  |d 1983 
215 |a 213 с. 
600 0 |a Сергий Радонежский  |c основатель и игумен Троице-Сергиева монастыря  |f около 1321-1391  |2 stltpush  |3 (RuTPU)RU\TPU\pers\5916  |9 1143 
600 0 |a Иосиф Волоцкий  |c в миру Иван Санин  |c русский церковный писатель  |c основатель и игумен Иосифо-Волокаламского монастыря  |f 1439/1440-1515  |2 stltpush  |3 (RuTPU)RU\TPU\pers\13822  |9 4334 
600 0 |a Нил Сорский  |f 1433-1508  |c российский церковный деятель  |c основатель и глава нестяжательства в России  |c в миру Майков Николай  |2 stltpush  |3 (RuTPU)RU\TPU\pers\5918 
606 1 |a Православие  |2 stltpush  |3 (RuTPU)RU\TPU\subj\51082  |9 69693 
610 1 |a культ святых 
610 1 |a православная церковь 
610 1 |a СССР 
610 1 |a история 
610 1 |a святые 
610 1 |a жития святых 
610 1 |a юродство 
610 1 |a старцы 
675 |a 281.9(091)  |z rus 
686 |a 86.37  |2 rubbk 
700 1 |a Белов  |b А. В.  |g Анатолий Васильевич  |4 070 
801 0 |a RU  |b RuMRKP  |c 19950704  |g psbo 
801 1 |a RU  |b 63413507  |c 20151009 
801 2 |a RU  |b 63413507  |c 20180625  |g RCR 
942 |c BK